Estadísticas para Benidorm Fest 2022

Haz click aquí para intentar la prueba.

Estadísticas generales

  • Esta prueba ha sido intentada 25 veces
  • La puntuación promedio es 10 de 14

Estadísticas de respuestas

Respuesta% Correcto
Chanel
100%
Rigoberta Bandini
100%
Tanxugueiras
86%
Azúcar Moreno
82%
Blanca Paloma
77%
Rayden
68%
Marta Sango
64%
Xeinn
64%
Javiera Mena
59%
Luna Ki
59%
Gonzalo Hermida
55%
Sara Deop
45%
Unique
45%
Varry Brava
45%

Distribución de puntuación

Porcentaje por número respondido

Porcentaje de gente con cada puntuación

Historial de tus puntuaciones

No has intentado esta prueba.